• 首页
  • 本馆介绍
  • 公告通知
  • 最新文献
  • 馆藏检索
  • 电子资源
  • 读者导购
  • 参考咨询
  • 我的图书馆
  • 登录
  • 详细信息显示
  • 放入我的书架
  • 预约/预借图书
  • 作者相关作品
  • 分类相关作品
  • 丛书相关作品
  • 出版社相关作品

书目信息

  • 表格格式
  • 工作单格式
  • 卡片格式
题名:
建构性学习
    
 
作者: 张建伟 , 孙燕青 著
分册:  
出版信息: 上海   上海教育出版社  2005
页数: 268页
开本: 26cm
丛书名: E-education丛书
单 册:
中图分类: G791 , G424.6
科图分类:
主题词: 学习方法--研究 , 教学理论
电子资源:
ISBN: 7-5444-0068-9
000 01039oam2 2200289 450
001 1573437622
005 20150131202442.32
010    @a7-5444-0068-9@dCNY29.00
100    @a20060104d2005 em y0chiy50 ea
101 0  @achi
102    @aCN@b310000
105    @ay z 000yy
200 1  @a建构性学习@9jian gou xing xue xi@e学习科学的整合性探索@f张建伟,孙燕青著
210    @a上海@c上海教育出版社@d2005
215    @a268页@d26cm
225 2  @aE-education丛书
330    @a本书分上下两编:理论探讨与实践整合。上篇内容包括学习者的经验世界、建构主义学习观、知识建构机制的认知分析;下篇内容包括建构性学习和教学、以信息技术促进高水平思维、以信息技术促进建构性互动等。
461  0 @12001 @aE-education丛书
517 1  @a学习科学的整合性探索@9xue xi ke xue de zheng he xing tan suo
606 0  @a学习方法@x研究
606 0  @a教学理论
690    @aG791@v5
690    @aG424.6@v4
701  0 @a张建伟@9zhang jian wei@c(博士)@4著
701  0 @a孙燕青@9sun yan qing@c(博士)@4著
801  0 @aCN@bTSSF@c20150131
905    @aZUCC@dG424.6@eJY1
    
    建构性学习:学习科学的整合性探索/张建伟,孙燕青著.-上海:上海教育出版社,2005
    268页;26cm.-(E-education丛书)
    
    
    ISBN 7-5444-0068-9:CNY29.00
    本书分上下两编:理论探讨与实践整合。上篇内容包括学习者的经验世界、建构主义学习观、知识建构机制的认知分析;下篇内容包括建构性学习和教学、以信息技术促进高水平思维、以信息技术促进建构性互动等。
●
相关链接 在E读中查询图书 在五车中查询图书 在当当中查询图书 在豆瓣中查询图书


正题名:建构性学习     索取号:G424.6/JY1         预约/预借

序号 登录号 条形码 馆藏地/架位号 状态 备注
1 7857721   278577210   学院路分馆/ [索取号:G424.6/JY1] 在馆    
2 7857722   278577229   学院路分馆/ [索取号:G424.6/JY1] 在馆    
唐山师范学院图书馆 欢迎您!
大连网信软件有限公司© 版权所有